| 000 | 00436nam a22001691a 4500 | ||
|---|---|---|---|
| 020 | _a9788175410312 | ||
| 082 |
_a331.31 _bANU/H |
||
| 100 | _aAnu Saksena | ||
| 245 |
_aHuman rights and child labour in Indian industries/ _cby Anu Saksena |
||
| 260 |
_aNew Delhi: _bShipra, _c1999. |
||
| 300 | _a214p. | ||
| 650 | _aChild Labour Law | ||
| 650 | _aLabour Welfare | ||
| 650 | _aSocial Labour | ||
| 650 | _aSocial Science | ||
| 942 | _cBK | ||
| 999 |
_c18802 _d18802 |
||